"Der Dümmste Fliegt" Teil 2 - Alle Fragen - Statistiken

Allgemein
  • Dieses Quiz wurde 126 mal gespielt
    122 seit der letzten Aktualisierung
  • Das Durchschnittsergebnis liegt bei 68 aus 129
Antwortstatistiken
Hint Antwort % Korrekt
Wie heißt der größte Ozean der Welt? Pazifik
96%
Beschreibe die Flagge Kanadas [2 Farben & 1 Symbol]. Rot, Weiß, Ahornblatt
91%
Wie viele Bundesländer hat Deutschland? [Zahl ausschreiben] Sechzehn
87%
Welches Vitamin ist vor allem in Zitrusfrüchten enthalten und stärkt das Immunsystem? Vitamin C
86%
Nenne die Hauptstadt von Sachsen. Dresden
84%
Was versteckt man an Ostern? Eier
84%
Nenne zwei Tiere, die Teil der Bremer Stadtmusikanten sind. Esel, Hund, Katze, Hahn
84%
Wie heißt die Hauptstadt Ungarns? Budapest
83%
Wann ist die Berliner Mauer gefallen? 1989
82%
Wie nennt man den Vorgang, mit dem Pflanzen Sauerstoff herstellen? Photosynthese
82%
Was ist die Amtssprache von Peru? Spanisch
81%
Wie lautet die korrekte Vergangenheitsform von "Laufen" in der 1. Person Singular? Ich lief
80%
Was wird als 17. Bundesland Deutschlands bezeichnet? Mallorca
80%
Für was steht die chemische Formel H2O? Wasser
80%
Nenne [zwei] Farben eines Standard Rubiks Cube. Weiß, Gelb, Rot, Orange, Blau, Grün
80%
Wie viel Grad muss ein Winkel haben, damit eine Gerade entsteht? 180
79%
Wie viele Punkte hat ein normaler Spielwürfel? 21
79%
Für was stehen die Sterne in der amerikanische Flagge? Bundesstaaten
78%
Wie viele Stunden Zeitunterschied liegen zwischen Deutschland und New York? [Zahl ausschreiben] Sechs
78%
In welcher Stadt sitzt die Volkswagen AG? Wolfsburg
78%
Wie heißt die Schule, die Harry Potter in dem gleichnamigen Film besucht? Hogwarts
77%
Wie viele Sterne hat die amerikanische Flagge? 50
76%
Was ist die Mehrzahl von Atlas? Atlanten
76%
Welcher Mensch konnte laut der Bibel das Meer spalten? Moses
76%
Wie viele Türchen hat ein Adventskalender? 24
73%
Braue, Wimper und Lid schützen welches Sinnesorgan? Auge
73%
Wer schlug die 95 Thesen im 16. Jahrhundert an? Martin Luther
73%
Welches Gas ist leichter als Luft und wird oft für Ballons verwendet? Helium
72%
Welcher Feiertag ist jedes Jahr am 01.01.? Neujahr
72%
Wann wird Pinocchios Nase länger? Wenn er lügt
72%
Vervollständige: ARD und ...? ZDF
72%
In welchem Film gibt es die Charaktere Frodo, Gandalf und Gollum? Der Herr der Ringe
71%
Wer schoss das 1-0 für Deutschland im WM-Finale 2014? Mario Götze
71%
In welchem Organ hat der Mensch den kleinsten Knochen? Ohr
71%
Wie nennt man "the day before yesterday" im Deutschen? Vorgestern
71%
In welcher Einheit wird Luftdruck angegeben? Bar / Hectopascal
70%
Wie viele Weltwunder gab es zur Zeit der Antike? [Zahl ausschreiben] Sieben
70%
Was sind Daunen? Federn / Untergefieder
69%
Was für ein Tier ist "Ka" im Buch "Das Dschungelbuch"? Schlange
69%
Wie heißt der oberste Gott der alten Griechen? Zeus
69%
Wer darf keinen Zaubertrank trinken, weil er als kleines Kind schon in den Kessel gefallen ist? Obelix
68%
Welche Ausdauersportart besteht aus einem Mehrkampf der Disziplin Schwimmen, Radfahren und Laufen? Triathlon
68%
In welcher Stadt ist Schalke ein Stadtteil? Gelsenkirchen
67%
Wie heißt Spongebob's mürrischer Nachbar? Thaddäus Tentakel
67%
Wofür steht die Abkürzung EZB? Europäische Zentralbank
64%
Wie heißt [der bekannte Zauberer] aus "Der Herr der Ringe"? Gandalf
64%
Welcher Stoff ist der Hauptbestandteil der Erdatmosphäre? Stickstoff
64%
Was ist ein Tandem? Fahrrad für 2 Personen
63%
Wer baute die Arche? Noah
63%
[RoF] Welcher der folgenden Schmucksteine ist brennbar? Amethyst, Bernstein, Lapislazuli, Rubin, Smaragd Bernstein
62%
Wie viele Sterne hat die chinesische Flagge? [Zahl ausschreiben] Fünf
62%
Was sind die Seychellen? Inselgruppe / Land
62%
Wie werden in Japan Karpfen genannt, die man speziell ihrer Farbe wegen für Teiche züchtet? Koi
62%
Wie heißt der Hauptcharakter des Spiels Minecraft? Steve
62%
Nenne die Grundrechenart, in der man "geteilt durch" rechnet. Division
61%
Wo ist [die EZB] zu finden? Frankfurt
60%
Die Pest ist der ... Tod? Schwarze
59%
Wie viel Quadratmeter sind 1 Hektar? [Zahl ausschreiben] Zehntausend
59%
[RoF] In welchem Monat ist der "Pride Month"? Juni
57%
Wie heißt der kleine gelbe Roboter, der im gleichnamigen Pixar-Film den Planeten Erde aufräumt? Wall-E
57%
Zu welchem Produkt gehört der Werbeslogan: "... aktiviert Abwehrkräfte"? Actimel
56%
Seit wann findet die Gamescom in Köln statt? 2009
54%
Was wird mit dem BMW-Logo dargestellt? Flugzeugpropeller / Bayrische Flagge
54%
Wo im menschlichen Körper befindet sich der Steigbügel? Ohr
54%
Welches Land hat 2024 den Eurovision Song Contest gewonnen? Schweiz
54%
Nenne die Geißens bei ihren Vornamen. Carmen, Robert
53%
Wofür steht das "L" in RTL? Luxemburg
52%
Wo wohnen die griechischen Götter laut der Mythologie? Olymp
52%
Wie nennt man die Wissenschaft von Verhalten und den mentalen Prozessen des Menschen? Psychologie
52%
[Wie nennt man eine kurze Spielpause, die von einer Mannschaft bspw. im Basketball oder Handball genommen werden kann?] Timeout
52%
In welcher Stadt fährt die Schwebebahn? Wuppertal
52%
Welche Farbe haben die Schuhe von Mickey Maus? Gelb
51%
Wie heißt [das YouTube-Format, auf das dieses Quiz basiert]? Der Dümmste Fliegt
50%
[Wo trägt] Mike Tyson sein bekanntes Tribal-Tattoo? Gesicht
50%
[RoF] Nenne eine der beiden Regeln bei der olympischen Disziplin "Gehen". Konstanter Bodenkontakt / Gestrecktes Bein
48%
Wer spielt die Hauptrolle in der Videoserie "Tomb Raider"? Lara Croft
48%
Wofür steht das "R" in RTL? Radio
48%
Wie viele Diamanten braucht es, um eine vollständige Rüstung in Minecraft zu craften? 24
47%
Welche Ordnungszahl hat dieses Gas im Periodensystem? [Zahl ausschreiben] Zwei
46%
Welche Sehne des menschlichen Körpers wurde nach einem griechischen Helden benannt? Achillessehne
44%
Wie viele Gönrgy-Sorten sind [bis Oktober 2024] erschienen? [Zahl ausschreiben] Acht
44%
Wie viele Blätter [...] sind auf der Rückseite einer deutschen 5-Cent-Münze abgebildet? [Zahl ausschreiben] Fünf
44%
Wie nennt man das Abräumen aller Pins mit zwei Würfen im Bowling? Spare
44%
Wer waren laut Bibel die ersten beiden Menschen? Adam und Eva
43%
Etwas, dass "falb" ist, hat welche Farbe? Gelb
43%
Wie heißt das geflügelte Pferd der griechischen Mythologie? Pegasus
43%
Wie wird der 31.12. noch genannt? Silvester
43%
Wie viele Felder hat ein Schachbrett? 64
42%
Was [untersucht man bei] einer Obduktion? Leichnam
42%
Wie [lautet der Fachbegriff für die Umwandlung von Sonnenlicht zu Strom] mittels Solaranlagen? Photovoltaik
42%
In welchem Film trägt Tom Cruise den Spitznamen "Maverick"? Top Gun
42%
Wie lauten der erste Vers von der Ballade Erlkönig? Wer reitet so spät durch Nacht und Wind?
41%
Wie heißt die Prinzessin in dem Aladin-Film von Disney? Jasmin
40%
Wie spät ist es in New York, wenn bei uns das neue Jahr beginnt? [Stunde; Zahl ausschreiben] Achtzehn
39%
Welcher Handwerker verwendet einen Hobel? Schreiner / Tischler / Zimmermann
39%
Wie lautet der Fachbegriff für Fettleibigkeit? Adipositas
38%
Wofür benutzt man das Werkzeug Fuchsschwanz? Sägen
37%
Welches berühmte Buch schrieb Christiane F? Wir Kinder vom Bahnhof Zoo
37%
Was sind die Pokémon-Starter der ersten Generation? Bisasam, Glumanda, Schiggy
34%
[Die neun Frauennamen Angela, Erica, Jessica, Mary, Monica, Pamela, Rita, Sandra und Tina werden in welchem bekannten Song genannt?] Mambo No. 5
34%
Welcher bekannte deutsche Komiker brachte [2023] einen Hit raus, der mehrere Woche Platz 1 in den Charts war? Otto Waalkes
34%
Wie wird "NaCl" im alltäglichen Gebrauch genannt? Salz
34%
In was wird Energie physikalisch gemessen? Joule
33%
[RoF] Welches der folgenden Gemüse ist roh giftig? Fleischtomaten, Frühlingszwiebeln, Kidneybohnen, Sellerie, Speisekürbis Kidneybohnen
33%
[RoF] Nenne zwei Arten von Nadelarbeit. Stricken, Häkeln, Nähen, Sticken, Klöppeln
33%
Was wechselt der Mensch im nächtlichen Schlaf durchschnittlich bis zu 60 mal? (Schlaf-)Position
32%
In welcher Stadt findet der Japan-Tag statt? Düsseldorf
31%
Welches Auto ist mehrfach ausgezeichnet als das hässlichste Auto der Welt? Fiat Multipla
30%
[RoF] Welche der beiden Fettsäuren sind für den Menschen gesünder? Ungesättigte
30%
In welchem Buch erlebt der Schüler "Greg Heffley" den Fluch eines vergammelten Käses? Gregs Tagebuch
29%
Wie heißt der Hund aus Family Guy? Bryan
28%
Welches berühmte Bauwerk wurde von den Römern im antiken Rom erbaut? Kolloseum
28%
Wie nennt man den Vorgang, wenn Gegenstände durch psychische Anstrengung bewegt werden? Telekinese
27%
Wie viele Chromosome hat ein Mensch normalerweise in jeder Zelle? 46
26%
[RoF] Welche Art von Himmelskörper ist "Andromeda"? (Spiral-)Galaxie
26%
Welche Tiere sind Timon und Pumba? Erdmännchen, Warzenschwein
24%
Wie nennt man einen journalistischen Beitrag, in dem eine persönliche Meinung ausgedrückt wird? Kommentar
24%
Wie heißt der deutsche Fußballverein, der einen Ritter namens "Keule" als Maskottchen hat? Union Berlin
24%
Wie heißt die lichtempfindliche Schicht im Auge? Retina / Netzhaut
22%
Wie heißt die aus dem League of Legends Universum kreierte Serie? Arcane
20%
[RoF] Was regnet es auf dem Saturn? Diamanten
20%
Aus welchem Tier wird in dem Film "Jurassic Park" die Saurier-DNA gewonnen? Mücke
18%
[RoF] Was ist für militärische Formationen auf allen bundesdeutschen Brücken verboten? Gleichschritt
13%
Wie heißt der Erfinder von Super Mario? Shigeru Miyamoto
10%
Was ist mit einem Gewicht von ungefähr 500 Gramm das komplexeste Objekt in unserem bekannten Universum? Gehirn
7%
[RoF] Wann finden die olympischen Sommerspiele das nächste mal NICHT an einem Schaltjahr statt? 2100
4%
Wie heißt die Marke von Tamina, [der Freundin von HandOfBlood]? girlcave
4%
[RoF] Zu welcher Kategorie lässt sich Folsäure hinzuzählen? Vitamine
3%
Im Laufe eines 60-Jährigen Lebens hat ein Mann insgesamt durchschnittlich wie lange eine Erektion, während er schläft? [z.B. "1 Sekunde"] 5 Jahre
1%
Keine übereinstimmenden Quizze gefunden
Verteilung der Resultate
Anzahl Personen mit jedem Resultat
Perzentil nach korrekt beantworteten Fragen
Ihre Resultats-Entwicklung
Sie haben dieses Quiz seit der letzten Aktualisierung nicht gespielt